<?xml version="1.0" encoding="UTF-8"?><?xml-stylesheet type="text/xsl" href="static/style.xsl"?><OAI-PMH xmlns="http://www.openarchives.org/OAI/2.0/" xmlns:xsi="http://www.w3.org/2001/XMLSchema-instance" xsi:schemaLocation="http://www.openarchives.org/OAI/2.0/ http://www.openarchives.org/OAI/2.0/OAI-PMH.xsd"><responseDate>2026-06-03T07:10:47Z</responseDate><request verb="GetRecord" identifier="oai:riuma.uma.es:10630/29925" metadataPrefix="marc">https://riuma.uma.es/rest/oai/request</request><GetRecord><record><header><identifier>oai:riuma.uma.es:10630/29925</identifier><datestamp>2026-02-03T11:30:05Z</datestamp><setSpec>com_10630_2254</setSpec><setSpec>col_10630_37953</setSpec></header><metadata><record xmlns="http://www.loc.gov/MARC21/slim" xmlns:dcterms="http://purl.org/dc/terms/" xmlns:doc="http://www.lyncode.com/xoai" xmlns:xsi="http://www.w3.org/2001/XMLSchema-instance" xsi:schemaLocation="http://www.loc.gov/MARC21/slim http://www.loc.gov/standards/marcxml/schema/MARC21slim.xsd">
   <leader>00925njm 22002777a 4500</leader>
   <datafield ind2=" " ind1=" " tag="042">
      <subfield code="a">dc</subfield>
   </datafield>
   <datafield ind2=" " ind1=" " tag="720">
      <subfield code="a">Carpena-Sánchez, Pedro Juan</subfield>
      <subfield code="e">author</subfield>
   </datafield>
   <datafield ind2=" " ind1=" " tag="720">
      <subfield code="a">Bernaola-Galván, Pedro Ángel</subfield>
      <subfield code="e">author</subfield>
   </datafield>
   <datafield ind2=" " ind1=" " tag="720">
      <subfield code="a">Gómez Extremera, Manuel</subfield>
      <subfield code="e">author</subfield>
   </datafield>
   <datafield ind2=" " ind1=" " tag="720">
      <subfield code="a">Coronado-Jiménez, Ana Victoria</subfield>
      <subfield code="e">author</subfield>
   </datafield>
   <datafield ind2=" " ind1=" " tag="260">
      <subfield code="c">2020-08-21</subfield>
   </datafield>
   <datafield ind2=" " ind1=" " tag="520">
      <subfield code="a">The observable outputs of many complex dynamical systems consist in time series exhibiting&#xd;
autocorrelation functions of great diversity of behaviors, including long-range power-law autocorre-&#xd;
lation functions, as a signature of interactions operating at many temporal or spatial scales. Often,&#xd;
numerical algorithms able to generate correlated noises reproducing the properties of real time se-&#xd;
ries are used to study and characterize such systems. Typically, those algorithms produce Gaussian&#xd;
time series. However, real, experimentally observed time series are often non-Gaussian, and may&#xd;
follow distributions with a diversity of behaviors concerning the support, the symmetry or the tail&#xd;
properties. Given a correlated Gaussian time series, it is always possible to transform it into a time&#xd;
series with a different distribution, but the question is how this transformation affects the behavior&#xd;
of the autocorrelation function. Here, we study analytically and numerically how the Pearson’s cor-&#xd;
relation of two Gaussian variables changes when the variables are transformed to follow a different&#xd;
destination distribution. Specifically, we consider bounded and unbounded distributions, symmetric&#xd;
and non-symmetric distributions, and distributions with different tail properties, from decays faster&#xd;
than exponential to heavy tail cases including power-laws, and we find how these properties affect&#xd;
the correlation of the final variables. We extend these results to Gaussian time series which are&#xd;
transformed to have a different marginal distribution, and show how the autocorrelation function of&#xd;
the final non-Gaussian time series depends on the Gaussian correlations and on the final marginal&#xd;
distribution.</subfield>
   </datafield>
   <datafield ind1="8" ind2=" " tag="024">
      <subfield code="a">https://hdl.handle.net/10630/29925</subfield>
   </datafield>
   <datafield ind1="8" ind2=" " tag="024">
      <subfield code="a">10.1063/5.0013986</subfield>
   </datafield>
   <datafield tag="653" ind2=" " ind1=" ">
      <subfield code="a">Pulso cardíaco - Modelos matemáticos</subfield>
   </datafield>
   <datafield tag="653" ind2=" " ind1=" ">
      <subfield code="a">Procesado de señales</subfield>
   </datafield>
   <datafield ind2="0" ind1="0" tag="245">
      <subfield code="a">Transforming Gaussian correlations. Applications to generating long-range power-law correlated time series with arbitrary distribution</subfield>
   </datafield>
</record>
</metadata></record></GetRecord></OAI-PMH>